Geography Quiz

Random Geography or State Quiz

Borders a Four Letter State Minefield Quiz Stats

 Plays Quiz Updated Apr 6, 2018

Score 0/17 Timer 03:00
10 Plays Today
% Correct
???
86.2%
???
85.7%
???
85.4%
???
85.3%
???
85.3%
???
84.9%
???
84.9%
???
84.1%
???
83.2%
% Correct
???
82.9%
???
82.8%
???
82.8%
???
82.4%
???
81.5%
???
81.2%
???
80.8%
???
77.4%

You're not logged in!

Compare scores with friends on all Sporcle quizzes.
OR
Log In

You Might Also Like...

Show Comments

Extras

Top Quizzes Today


Score Distribution

Your Account Isn't Verified!

In order to create a playlist on Sporcle, you need to verify the email address you used during registration. Go to your Sporcle Settings to finish the process.

Report this User

Report this user for behavior that violates our Community Guidelines.

Details: